000 01582nas a2200337 i 4500
003 IT-RoINE
005 20190311081554.0
008 961107d19uu193usp fr 0uuub0mul d
022 0 _a2485-6525
_y9952-9505
040 _aSpMaBN
_bspa
_cSIC IT-RoINE
_dIT-RoINE
041 0 _aspa
_aeng
_afre
_ager
245 1 0 _aGuía descriptiva :
_btarifas, balnearios, noticias generales /
_cCompañía de los Caminos de Hierro del Norte de España.
246 1 _iTítulo de la página de sumario
_aGuía descriptiva de los Caminos de Hierro del Norte de España
246 3 1 _aItinerarios descriptivos de su red
246 3 1 _aItinériares descriptifs de son réseau
246 3 1 _aKurze Beschreibung der Reiserouten ihrer Linien
246 3 1 _aDescriptive itinerary of its lines
260 _aMadrid
_b[Compañía de los Caminos del Norte de España],
300 _av. ;
_c21 cm.
310 _aSemestral
_b1912-<1934>
321 _aAnual
_b<1911>
336 _2rdacontent
_atext
337 _2rdamedia
_aunmediated
338 _2rdacarrier
_avolume
500 _aTítulo (mayo 1930): Itinerarios descriptivos de su red = Itinériares descriptifs de son réseau = Descriptive itinerary of its lines = Kurze Beschreibung der Reiserouten ihrer Linien
546 _aA partir de <1930> texto en español, francés, inglés y alemán
650 4 _aFerrocarriles
_zEspaña
_xHorarios
_957771
_vPublicaciones periódicas
651 4 _aEspaña
_xDescripciones y viajes
_vPublicaciones periódicas
_957774
710 2 _957773
_aCompañía de los Caminos de Hierro del Norte de España
942 _cPRC
999 _c29488
_d29488